| 000 | 00508nam a22001577a 4500 | ||
|---|---|---|---|
| 999 |
_c528082 _d528082 |
||
| 020 | _qHard Cvoer. | ||
| 082 | _a621.3 | ||
| 100 | _aPervez, Farrukh | ||
| 245 |
_aMemory-Based User-Centric Backhaul- A ware User Cell Association Scheme / _cFarrukh Pervez. |
||
| 260 |
_aIslamabad: _bSEECS - NUST, _c2017. |
||
| 300 |
_avi, 70 p. : ill. ; _c30cm. |
||
| 942 |
_2ddc _cTHE |
||
| 650 |
_aMs Thesis. _918721 |
||
| 700 |
_aDr. Muhammad Shahzad Younis. _919625 |
||